00528 2200181 4500001002100000005001800021008004100039035002400080090001900104100002000123245006600143250001100209260004800220300002900268650001900297850001500316999001500331YOGYA-1010000000219420101005100140619 ind  0010-101000000002194 aUT 512.5 Mul A aMulyana, Tatang aAljabar Linear : Materi pokok PMAT 4433 / 3 sks / modul 1 - 9 aCet. 2 aJakartabKarunika Universitas Terbukac1998 a[293] hlm.: ilus.; 29 cm aAljabar linier aYOPDYOG[B] a05A0003673